LEADER 01067nam1 2200373 450 001 990003634900203316 005 20120306162501.0 035 $a000363490 035 $aUSA01000363490 035 $a(ALEPH)000363490USA01 035 $a000363490 100 $a20120306d1964----km-y0itay50------ba 101 $aita 102 $aIT 105 $aa---||||001yy 200 1 $aMedicina forense$fV.M. Palmieri 205 $a7.ed. 210 $aNapoli$cMorano$d1964- 215 $av.$cill.$d25 cm 463 \1$1001990003634920203316$12001 $a<<1:>> Dottrina 463 \1$1001990003634960203316$12001 $a<<2:>> Diagnostica e tecnica 606 0 $aMedicina legale 676 $a614.1 700 1$aPALMIERI,$bVincenzo Mario$0157134 801 0$aIT$bsalbc$gISBD 912 $a990003634900203316 951 $aIML B 101/$bG.$cIML B 959 $aBK 969 $aMED 979 $aANGELA$b90$c20120306$lUSA01$h1551 979 $aANGELA$b90$c20120306$lUSA01$h1558 979 $aANGELA$b90$c20120306$lUSA01$h1625 996 $aMedicina forense$9586492 997 $aUNISA LEADER 01117nam0-22003851i-450- 001 990005606630403321 005 20140128102724.0 035 $a000560663 035 $aFED01000560663 035 $a(Aleph)000560663FED01 035 $a000560663 100 $a19990604d1981----km-y0itay50------ba 101 0 $aita 102 $aIT 105 $ay---ac--001yy 200 1 $aVita religiosa nella costa di Amalfi$fGiuseppe Imperato 210 $aSalerno$cPalladio$d1981 215 $av.$d24 cm 307 $a1.: 639 p. 327 1 $a1.: Monasteri, Conventi e Confraternite 610 0 $aCostiera amalfitana$aStoria religiosa 676 $a271.009457$v21$zita 700 1$aImperato,$bGiuseppe$0153662 801 0$aIT$bUNINA$gRICA$2UNIMARC 901 $aBK 912 $a990005606630403321 952 $a271.009 IMP 1 (1)$bBibl. 58094$fFLFBC 952 $a271.009 IMP 1 (1) BIS$bDDS 730$fFLFBC 952 $a03.1215$b9817$fDARST 952 $aSEZ.NA B 3086$b18930$fFARBC 959 $aFLFBC 959 $aDARST 959 $aFARBC 996 $aVita religiosa nella costa di Amalfi$9603615 997 $aUNINA